Szczegóły MARC21

Adaptacja niektórych ubezpieczeń gospodarczych w Polsce do wymogów Unii Europejskiej /

005 -DATA I CZAS OSTATNIEJ MODYFIKACJI [,]
    • @
    • pole kontrolne
    • 20090115112059.0
020 -Międzynarod. znormalizowany nr książki - ISBN [ , ]
    • a
    • Numer ISBN
    • 8391758451 Find
040 -Instytucja sporządzająca opis [ , ]
    • d
    • Instytucja, która zmodyfikowała rekord (P)
    • SZCZ U/RJ
041 -Język dokumentu [0, ]
    • a
    • Język tekstu (P)
    • polski
044 -Kraj miejsca wydania [ , ]
    • a
    • Kraj miejsca wydania
    • Polska
942 -Rodzaj dokumentu [ , ]
    • c
    • Rodzaj dokumentu
    • Książka
100 -Hasło główne - nazwa osobowa [1, ]
    • a
    • Nazwa osobowa (NP)
    • Iwaszkiewicz, Zenon.
245 -Strefa tytułu i oznaczenia odpowiedzialności [1,0]
    • a
    • Tytuł
    • Adaptacja niektórych ubezpieczeń gospodarczych w Polsce do wymogów Unii Europejskiej / Find
    • c
    • Pozostałe elementy strefy tytułu i oznaczenia odpowiedzialności (NP)
    • Iwaszkiewicz Zenon.
260 -Strefa adresu wydawniczego [ , ]
    • a
    • Miejsce wydania (P)
    • Szczecin :
    • b
    • Nazwa wydawcy (P)
    • Wydawnictwo Lega,
    • c
    • Data wydania (P)
    • 2004.
300 -Strefa opisu fizycznego [ , ]
    • a
    • Określenie formy książki i/lub objętość (NP)
    • 195 s. ;
    • c
    • Format (NP)
    • 24 cm.
504 -Uwaga dot. bibliogr. załącznikowej [ , ]
    • a
    • Uwaga dot. bibliografii załącznikowej
    • Bibliogr.
080 -Uniwersalna Klasyfikacja Dziesiętna [ , ]
    • 2
    • Identyfikator wydania tablic
    • UDC-P058
    • a
    • Symbol klasyfikacji
    • 347.764
    • b
    • Dopowiedzenie
    • Ubezpieczenia. Prawo ubezpieczeniowe (Prawo ubezpieczeń dobrowolnych).
    • x
    • Poddział wspólny
    • (438)
    • b
    • Dopowiedzenie
    • (Polska).
    • x
    • Poddział wspólny
    • (4-67)
    • b
    • Dopowiedzenie
    • (Kraje Unii Europejskiej).
080 -Uniwersalna Klasyfikacja Dziesiętna [ , ]
    • 2
    • Identyfikator wydania tablic
    • UDC-P058
    • a
    • Symbol klasyfikacji
    • 368
    • b
    • Dopowiedzenie
    • Ubezpieczenia dobrowolne (nie wynikające ze stosunku pracy). Ubezpieczenia gospodarcze.
    • x
    • Poddział wspólny
    • (438)
    • b
    • Dopowiedzenie
    • (Polska).
    • x
    • Poddział wspólny
    • (4-67)
    • b
    • Dopowiedzenie
    • (Kraje Unii Europejskiej).
980 -Symbol UKD [ , ]
    • a
    • UKD
    • 347.764:368](438:4-67)
920 -ISBN [ , ]
    • a
    • ISBN
    • 83-917584-5-1 Find
Numer inwentarzowy Status udost. Data inwentaryzacji Lokalizacja
Z.109225-152007-09-03BG
T.13576-22013-11-18T